000 01154nam a22003137a 4500
001 600
005 20260317113602.0
020 _a1568992718 (hardcover)
020 _a1568992726 (mini hardcover)
040 _aDLC
_cDLC
_dDLC
_dWaU
_beng
050 0 0 _aPZ10.3.Y857
_bLi 1996
082 0 0 _a[E]
_220
100 1 _aYoung, Carol,
_d1945-
245 1 0 _aLittle Walrus warning /
_cby Carol Young ; illustrated by Walter Stuart.
250 _a1st ed.
260 _aNorwalk, Conn. :
_bSoundprints,
_c1996.
300 _a31 pages :
_bcolor illustrations ;
_c12 x 15 cm.
500 _aSmithsonian Oceanic Collection.
505 _aO
520 _aIn Alaska a walrus calf and his mother make their last trip together to the summer feeding grounds in the Chuckchi Sea before he is ready to leave the nursery herd and take his place with the bulls.
521 _a840
_bLexile
521 _aO
_bRaz-Plus
650 0 _aWalrus
_vJuvenile fiction.
650 1 _aWalruses
_vFiction.
650 1 _aPinnipeds
_vFiction.
700 1 _aStuart, Walter,
_d1955-
_eillustrator.
906 _a7
_bcbc
_corignew
_d1
_eocip
_f19
_gy-gencatlg
942 _2ddc
_cBK
_n0
999 _c600
_d600